书目信息 |
| 题名: |
现代营养学
|
|
| 作者: | 鲍曼, , 拉塞尔, , 鲍曼 , 拉塞尔 主编 ;荫士安 , 汪之顼 主译 | |
| 分册: | ||
| 出版信息: | 北京 化学工业出版社 2004.10 |
|
| 页数: | 942页 | |
| 开本: | 27cm | |
| 丛书名: | ||
| 单 册: | ||
| 中图分类: | R151 | |
| 科图分类: | ||
| 主题词: | 营养学--ying yang xue | |
| 电子资源: | ||
| ISBN: | 7-5025-5651-6 | |
| 000 | 01232nam0 2200337 450 | |
| 001 | CAL 012004130567 | |
| 005 | 20050614100419.88 | |
| 010 | @a7-5025-5651-6@b精装@dCNY 125.00 | |
| 099 | @aCAL 012004130567 | |
| 100 | @a20041129d2004 ekmy0chiy0121 ea | |
| 101 | 1 | @achi@ceng |
| 102 | @aCN@b110000 | |
| 105 | @aak a 001yy | |
| 200 | 1 | @a现代营养学@AXian Dai Ying Yang Xue@d= Present knowledge in nutrition@f(美)鲍曼,拉塞尔主编@F(mei)bao man,la sai er zhu bian@g荫士安, 汪之顼主译@zeng |
| 210 | @a北京@c化学工业出版社@d2004.10 | |
| 215 | @a942页@c图@d27cm | |
| 306 | @a本书中文简体字版由国际生命科学学会授权出版, 据International Life Sciences Institiute Press 2001年英文原文第8版译出 | |
| 320 | @a有书目和索引 | |
| 510 | 1 | @aPresent knowledge in nutrition@zeng |
| 606 | 0 | @a营养学@Aying yang xue |
| 690 | @aR151@v4 | |
| 701 | 1 | @a鲍曼,@ABao Man@bB. A.@g(Bowman, Barbara A.)@4主编 |
| 701 | 1 | @a拉塞尔,@ALa Sai Er@bR. M.@g(Russell, Robert M.)@4主编 |
| 701 | 0 | @a鲍曼@Abao man@4主编 |
| 701 | 0 | @a拉塞尔@Ala sai er@4主编 |
| 702 | 0 | @a荫士安@AYin Shi An@4主译 |
| 702 | 0 | @a汪之顼@AWang Zhi Xu@4主译 |
| 801 | 0 | @aCN@bRUC@c20050614 |
| 905 | @a10447@dR151@eB303 | |
| 906 | @dCNY125.00@n0@r1 | |
| 998 | @aRUC | |
| 现代营养学= Present knowledge in nutrition/(美)鲍曼,拉塞尔主编/荫士安, 汪之顼主译.-北京:化学工业出版社,2004.10 |
| 942页:图;27cm |
| ISBN 7-5025-5651-6(精装):CNY 125.00 |
| ● |
| 相关链接 |
|
|
|
正题名:现代营养学
索取号:R151/B303
 
预约/预借
| 序号 | 登录号 | 条形码 | 馆藏地/架位号 | 状态 | 备注 |
| 1 | 533172 | 205331728 | 自科库401/401自科库 103排7列2层/ [索取号:R151/B303] | 在馆 | |
| 2 | 533173 | 205331737 | 自科库401/401自科库 103排7列2层/ [索取号:R151/B303] | 在馆 |